000 00485 a2200145 4500
005 20250408122649.0
020 _a978-81-224-1454-7
082 _a621 RAV
100 _aRAVINDRANATH, B.
245 _aDecision Support Systems and Data Warehouses.
260 _aNew Delhi,
_bNew age International Limited, publishers,
_c2003.
300 _a197p.: Ill.; table.
_bBibliography.
_c23cm.
856 _yAccess Online Book.
_fDecision support systems
_dwww.newagepublishers.com
942 _2ddc
_cBKS
999 _c1206
_d1206